<?xml version="1.0" encoding="UTF-8"?>
<collection xmlns="http://www.loc.gov/MARC21/slim">
 <record>
  <leader>01312nam a22001937a 4500</leader>
  <controlfield tag="001">NCT_4_026230</controlfield>
  <controlfield tag="008">250927b        xxu||||| |||| 00| 0 vie d</controlfield>
  <datafield tag="999" ind1=" " ind2=" ">
   <subfield code="c">9295</subfield>
   <subfield code="d">9295</subfield>
  </datafield>
  <datafield tag="020" ind1=" " ind2=" ">
   <subfield code="a">9786043686142</subfield>
   <subfield code="c">140000</subfield>
  </datafield>
  <datafield tag="082" ind1="0" ind2="4">
   <subfield code="2">23rd ed.</subfield>
   <subfield code="a">895.92234</subfield>
   <subfield code="b">T305</subfield>
  </datafield>
  <datafield tag="100" ind1="1" ind2=" ">
   <subfield code="a">Hoàng Nam Tiến</subfield>
  </datafield>
  <datafield tag="245" ind1="1" ind2="0">
   <subfield code="a">Thư cho em :</subfield>
   <subfield code="b">Chuyện tình tướng Hoàng Đan và vợ qua lời kể con trai</subfield>
   <subfield code="c">Hoàng Nam Tiến</subfield>
  </datafield>
  <datafield tag="260" ind1=" " ind2=" ">
   <subfield code="a">H.</subfield>
   <subfield code="b">Hội nhà văn</subfield>
   <subfield code="c">2024</subfield>
  </datafield>
  <datafield tag="300" ind1=" " ind2=" ">
   <subfield code="a">310 tr.</subfield>
   <subfield code="b">Minh họa</subfield>
   <subfield code="c">20cm</subfield>
  </datafield>
  <datafield tag="520" ind1="3" ind2=" ">
   <subfield code="a">Cuốn sách tập hợp những lá thư của tướng Hoàng Đan gửi vợ trong thời chiến, được tái hiện qua lời kể của con trai Hoàng Nam Tiến. Tác phẩm vừa là hồi ức về một mối tình thủy chung, vừa phản ánh hình ảnh người lính và bối cảnh chiến tranh Việt Nam, đan xen với tình cảm gia đình, tình yêu đôi lứa và tình yêu Tổ quốc.</subfield>
  </datafield>
  <datafield tag="653" ind1=" " ind2=" ">
   <subfield code="a">Sách tham khảo</subfield>
  </datafield>
  <datafield tag="942" ind1=" " ind2=" ">
   <subfield code="2">ddc</subfield>
   <subfield code="c">BK</subfield>
  </datafield>
  <datafield tag="952" ind1=" " ind2=" ">
   <subfield code="0">0</subfield>
   <subfield code="1">0</subfield>
   <subfield code="2">ddc</subfield>
   <subfield code="4">0</subfield>
   <subfield code="6">895_922340000000000_T305</subfield>
   <subfield code="7">0</subfield>
   <subfield code="9">31429</subfield>
   <subfield code="a">000001</subfield>
   <subfield code="b">000001</subfield>
   <subfield code="d">2025-09-27</subfield>
   <subfield code="l">1</subfield>
   <subfield code="o">895.92234 T305</subfield>
   <subfield code="p">TK.05720</subfield>
   <subfield code="q">2025-11-02</subfield>
   <subfield code="r">2025-10-03</subfield>
   <subfield code="s">2025-10-03</subfield>
   <subfield code="v">140000.00</subfield>
   <subfield code="w">2025-09-27</subfield>
   <subfield code="y">BK</subfield>
  </datafield>
  <datafield tag="980" ind1=" " ind2=" ">
   <subfield code="a">Thư viện Trường Đại học Nam Cần Thơ</subfield>
  </datafield>
 </record>
</collection>
